000 00679nam a22002177a 4500
999 _c19007
_d19007
003 AR-CdUCM
008 190516b ||||| |||| 00| 0 spa d
040 _aMUNICIPALIDAD PROVINCIAL DEL CUSCO
_cBIBLIOTECA MUNICIPAL DEL CUSCO
082 _a573.2 /
_bC29
100 _aCarrel, Alexis
_938190
245 _aDía tras Día (1893-1944) /
260 _aBarcelona :
_bLuis de caralt,
_c1957.
300 _a230 paginas ;
_c20 cm.
505 _aContenido: Hojas sueltas -- Diario -- Cuadernos...
650 _aDia
_940033
650 _aHistoria
_9136
650 _aLiteratura
_983
700 _aRodriguez Salis, Carmen
_940034
942 _2ddc
_cLIBROS
945 _apjha
_d2019-05-16